LEADER 01187nam a2200301 4500 001 000000356065 003 CaOOAMICUS 005 20231220162114.0 008 231110s2023 it 000 u ita r 020 $a978-88-929831-2-0 040 $aSeMil$bita 100 1 $aCavalleri, Cesare,$d<1936-2022>.$0(OLS)http://semarc/name/24411 245 10$aLetture :$b1967-2022 /$cCesare Cavalleri ; a cura di Giuseppe Romano. 264 1$aMilano :$bAres,$c2023. 300 $aLX, 1303 p. ;$c21 cm 490 1 $aFaretra 541 0 $aOmaggio mons. Mario Delpini (1O II 390) 650 4$aCritica letteraria.$0(OLS)http://semarc/subject/5094 700 1 $aRomano, Giuseppe,$d<1810-1878>.$0(OLS)http://semarc/name/923 830 0$aFaretra.$0(OLS)http://semarc/title/13588 850 $aSeMil 852 $aSeMil$W1$xVenegono$y1$m1O II 390$j245227$B247243$CSeMilBibl$Z2$F247243 $81 941 1 $a7 961 $aOmaggio mons. Mario Delpini 996 $6020$a978-88-929831-2-0$9(OLS)http://semarc/number/299255 996 $6245$aLetture :$b1967-2022$9(OLS)http://semarc/title/446292 996 $6264$aMilano :$bAres$9(OLS)http://semarc/publisher/30250 LEADER 00550naa a2200133 i 4500 001 000000319470 003 CaOOAMICUS 005 20180831173307.0 008 180831n it u000 u ita u 013 $a29229 040 $aSeMil$bita 245 13$aLa vision maritainienne des rapports de l'Eglise et du monde. 773 0 $tMontini, Journet, Maritain.$dBrescia : Istituto Paolo 6., 2000.$kPubblicazioni dell'Istituto Paolo 6.$z88-382-3846-4$gp.99-132$w()76815 996 $6245$aLa vision maritainienne des rapports de l'Eglise et du monde$9(OLS)http://semarc/title/393230